000 01121nam a2200217Ia 4500
003 Ost
005 20260416102353.0
008 260416s9999||||xx |||||||||||||| ||und||
040 _cfsecg
041 _aara
082 _a312
100 _aبلحاج، فتيحة
_eمؤلف
245 0 _aالتحليل الديمغرافي /
_c فتيحة بلحاج
260 _aالجزائر
_bجامعة الجزائر3: كلية العلوم الإقتصادية، العلوم التجارية وعلوم التسيير
_c2018
300 _a72 ورقة
_bايضاحات
_c30 سم
520 _aمفاهيم و أسس علم الديمغرافيا و التطرق الى المقاييس الديمغرافية في دراسة الظواهر الديمغرافية ، حركية السكان و نماذج و نظريات و سياسات السكان ، السكان و التنمية
653 _aالتنمية
653 _aالسكان
710 _aجامعة الجزائر3: كلية العلوم الإقتصادية، العلوم التجارية وعلوم التسيير
_eناشر علمي
942 _cHANDOUT
999 _c41084
_d41084